000 01414cam a22003494a 4500
001 15260621
003 OSt
005 20151013094711.0
008 080414s2009 nyua b 001 0 eng
010 _a 2008017006
020 _a9780073385693 (alk. paper)
020 _a0073385697 (alk. paper)
040 _aDLC
_cDLC
_dDLC
050 0 0 _aLB2395.3
_b.M27 2009
082 0 0 _a428.4071/1
_222
100 1 _aMather, Peter.
245 1 4 _aThe art of critical reading :
_bbrushing up on your reading, thinking, and study skills /
_cPeter Mather, Rita McCarthy.
250 _a2nd ed.
260 _aNew York, NY :
_bMcGraw-Hill,
_cc2009.
300 _axxix, 591, [15] p. :
_bill. (some col.) ;
_c28 cm.
504 _aIncludes bibliographical references and indexes.
650 0 _aReading (Higher education)
650 0 _aCritical thinking.
650 0 _aStudy skills.
700 1 _aMcCarthy, Rita.
856 4 2 _3Contributor biographical information
_uhttp://www.loc.gov/catdir/enhancements/fy0834/2008017006-b.html
856 4 2 _3Publisher description
_uhttp://www.loc.gov/catdir/enhancements/fy0834/2008017006-d.html
856 4 1 _3Table of contents only
_uhttp://www.loc.gov/catdir/enhancements/fy0834/2008017006-t.html
906 _a7
_bcbc
_corignew
_d1
_eecip
_f20
_gy-gencatlg
942 _2lcc
_cBK
999 _c250427
_d250427